000 00592nam a22001937a 4500
005 20251108165524.0
008 250721s1984 xx 000 0 ara d
082 1 4 _aم/811.95661/محم
100 1 _aفقي، محمد حسن
245 1 0 _aالأعمال الكامله للشاعر محمد حسن فقي /
250 _aم
264 1 _aجدة :
_bالدار السعوديه للنشر و التوزيع،
_c1984.
300 _a6مج
650 1 7 _aالشعر العربي
650 1 7 _aالعصر الحديث
650 1 7 _aالسعودية
942 _2ddc
_cREF
999 _c29901
_d29901